| 000 | 00604cam a2200181 a 4500 | ||
|---|---|---|---|
| 001 | 17179350 | ||
| 005 | 20241028175145.0 | ||
| 008 | 120224s2011 gh b 001 0 eng d | ||
| 020 | _a9789988152161 | ||
| 050 | 0 | 0 |
_aKRX810 _b.D76 2016 |
| 100 | 1 | _aDowuona-Hammond, Christine. | |
| 245 | 1 | 4 |
_aThe law of contract in Ghana / _cChristine Dowuona-Hammond. |
| 260 |
_aAccra, Ghana : _bFrontiers Print. & Pub., _c2011. |
||
| 300 |
_axxix, 346 p. ; _c25 cm. _bIndex |
||
| 650 | 0 |
_aContracts _zGhana. |
|
| 856 | 4 | 1 |
_3Table of contents only _uhttp://www.loc.gov/catdir/toc/fy13pdf02/2012311144.html |
| 942 |
_2lcc _cBK _n0 |
||
| 999 |
_c313 _d313 |
||